000 04678cam a2200481 i 4500
001 22900437
005 20250521150925.0
008 221213s2023 nyuab b 001 0 eng
010 _a 2022056937
020 _a9780231210454
020 _a9780231210447
037 _cTB
040 _aAL
_beng
_erda
_cAL
_dAL
041 _2eng
_aeng
042 _apcc
043 _an-us---
_aa-af---
050 0 0 _aE183.8.A3
_bR356 2023
084 _aV491:1973.N R3
_qAL
100 1 _aRakove, Robert B.,
_d1977-
_eauthor.
_9753512
245 1 0 _aDays of opportunity :
_bThe United States and Afghanistan before the Soviet invasion
246 3 0 _aUnited States and Afghanistan before the Soviet invasion
260 _aNew York, USA :
_bColumbia University Press,
_c2023.
264 1 _c[2023]
300 _ax, 471p.
_billustrations, maps ;
_c23 cm
336 _atext
_btxt
_2rdacontent
337 _aunmediated
_bn
_2rdamedia
338 _avolume
_bnc
_2rdacarrier
365 _b2850.00
_cINR
504 _aIncludes bibliographical references and index.
505 0 _aIntroduction: A day of opportunity -- A game of hide and seek : the Afghan pursuit of diplomatic relations, 1921-1938 -- We have a rare opportunity : U.S.-Afghan relations amid the world crisis, 1938-1945 -- Preeminence and peril : the American influx and the coming of the Afghan Cold War, 1945-1952 -- "We might be willing to take a chance" : the choice to contest Afghanistan, 1953-1956 -- Anxious coexistence : the aid contest, 1956-1959 -- The crisis era, 1959-1963 -- Reform and retrenchment, 1962-1968 -- The fall of the monarchy, 1968-1973 -- Return to engagement, 1973-1976 -- The end of diplomacy, 1977-1979 -- Conclusion: "Into the jaws of catastrophe".
520 _a"Long before the calamities of our own age, the United States involved itself deeply in Afghanistan. Harnessing extensive research in U.S. and foreign archives, the historian Rob Rakove traces the remarkable, ultimately tragic story of U.S. engagement in Afghanistan up to the 1979 Soviet invasion. Committed to the preservation of Afghan independence, the United States played an unwitting, destabilizing role in the country, contributing to Afghanistan's emergence as a Cold War battlefield. Most histories of Afghanistan in the Cold War focus on the 1979 Soviet invasion and the country's emergence as a principal battleground in the 1980s. Even as post-Cold War scholarship has substantially corrected prior notions of what motivated Moscow and offered invaluable studies of U.S.-supported development programs in Afghanistan, an overarching treatment of Washington's efforts in Afghanistan remains to be published and the myth of inattention remains intact. The distinction is this: if the United States largely absented itself from pre-cataclysm Afghanistan, it committed at most a sin of omission. If it funded a few token, misconceived aid programs, while Moscow pursued a coherent, aggressive design, that verdict still holds. If, however, the U.S. role has been understated, and Soviet malevolence has been exaggerated, Washington bears considerable responsibility for the disasters that befell Afghanistan at the end of the 1970s. Days of Opportunity chronicles the vibrant years of peaceful Afghan-American relations, beginning in the wake of the Great War, and continuing until the Soviet invasion. It depicts the U.S. relationship with a different Afghanistan: a country largely at peace, which had evaded enlistment in the world wars, and which struck observers as a success story in Cold War nonalignment. It does not treat the collapse of Afghan nonalignment or the failure of the Afghan state as inevitable developments. It is an account of diplomacy and aid across six generally overlooked decades, described by historian Nile Green as the "missing middle" of Afghan history."--
_cProvided by publisher.
650 _aAfghanistan Foreign Relation
_9753513
650 _aUnited States Foreign Relation
_9753514
651 0 _aUnited States
_xForeign relations
_zAfghanistan.
_9753515
651 0 _aAfghanistan
_xForeign relations
_zUnited States.
_9753516
651 0 _aAfghanistan
_xForeign relations
_y20th century.
_9753517
651 0 _aUnited States
_xForeign relations
_y20th century.
_9753518
651 0 _aAfghanistan
_xHistory
_y20th century.
_9753519
906 _a7
_bcbc
_corignew
_d1
_eecip
_f20
_gy-gencatlg
942 _2CC
_cTB
_hV491:1973.N R3
_n0
999 _c1309795
_d1309795